[Event "Villarobledo Online Qualifyer"]
[Site "playchess.com #155672"]
[Date "2009.05.23"]
[Round "3"]
[White "Promotionfou"]
[Black "Lupi_linares"]
[Result "0-1"]
[WhiteElo "2125"]
[BlackElo "1736"]
[PlyCount "134"]
[EventDate "2009.05.23"]
[EventType "swiss (blitz)"]

1. e4 {[%emt 0:00:02]} c5 {[%emt 0:00:01]} 2. Nc3 {[%emt 0:00:02]} d6 {[%emt 0:
00:02]} 3. g3 {[%emt 0:00:01]} Nf6 {[%emt 0:00:02]} 4. Bg2 {[%emt 0:00:00]} e6
{[%emt 0:00:02]} 5. d3 {[%emt 0:00:00]} Be7 {[%emt 0:00:01]} 6. f4 {[%emt 0:00:
01]} Nc6 {[%emt 0:00:03]} 7. Nf3 {[%emt 0:00:01]} a6 {[%emt 0:00:03]} 8. O-O {
[%emt 0:00:01]} O-O {[%emt 0:00:01]} 9. h3 {[%emt 0:00:01]} Qc7 {[%emt 0:00:01]
} 10. g4 {[%emt 0:00:01]} b5 {[%emt 0:00:06]} 11. Ne2 {[%emt 0:00:01]} e5 {
[%emt 0:00:04]} 12. f5 {[%emt 0:00:01]} Rd8 {[%emt 0:00:08]} 13. Ng3 {[%emt 0:
00:06]} h6 {[%emt 0:00:04]} 14. g5 {[%emt 0:00:31]} hxg5 {[%emt 0:00:03]} 15.
Bxg5 {[%emt 0:00:00]} Bb7 {[%emt 0:00:19]} 16. Bxf6 {[%emt 0:00:06]} Bxf6 {
[%emt 0:00:06]} 17. Nh5 {[%emt 0:00:01]} Qe7 {[%emt 0:00:07]} 18. Qe1 {[%emt 0:
00:04]} Bg5 {[%emt 0:00:07]} 19. Qg3 {[%emt 0:00:02]} Be3+ {[%emt 0:00:04]} 20.
Kh1 {[%emt 0:00:03]} f6 {[%emt 0:00:01]} 21. Rae1 {[%emt 0:00:10]} Bh6 {[%emt
0:00:09]} 22. Rg1 {[%emt 0:00:06]} Qf7 {[%emt 0:00:07]} 23. Qg4 {[%emt 0:00:03]
} Nd4 {[%emt 0:00:04]} 24. Nxd4 {[%emt 0:00:02]} cxd4 {[%emt 0:00:02]} 25. Bf3
{[%emt 0:00:04]} Rac8 {[%emt 0:00:07]} 26. Rg2 {[%emt 0:00:01]} Rc5 {[%emt 0:
00:34]} 27. Reg1 {[%emt 0:00:02]} Rd7 {[%emt 0:00:02]} 28. Qg6 {[%emt 0:00:33]}
Qxg6 {[%emt 0:00:06]} 29. Rxg6 {[%emt 0:00:02]} Kh7 {[%emt 0:00:09]} 30. Rxf6 {
[%emt 0:00:28]} Rxc2 {[%emt 0:00:24]} 31. Rfg6 {[%emt 0:00:02]} Rf2 {[%emt 0:
00:17]} 32. Bg4 {[%emt 0:00:48] .} d5 {[%emt 0:00:29]} 33. f6 {[%emt 0:00:31]}
dxe4 {[%emt 0:00:06]} 34. fxg7 {[%emt 0:00:05]} e3+ {[%emt 0:00:03]} 35. Rg2 {
[%emt 0:00:01]} Bxg2+ {[%emt 0:00:03]} 36. Kg1 {[%emt 0:00:01]} Rxg7 {[%emt 0:
00:01]} 37. Nf6+ {[%emt 0:00:02]} Kxg6 {[%emt 0:00:04]} 38. Ne8 {[%emt 0:00:06]
} Rgf7 {[%emt 0:00:02]} 39. Nd6 {[%emt 0:00:02]} Rf1+ {[%emt 0:00:02]} 40. Kxg2
{[%emt 0:00:01]} R7f2+ {[%emt 0:00:00]} 41. Kg3 {[%emt 0:00:01]} Bf4+ {[%emt 0:
00:01]} 42. Kh4 {[%emt 0:00:01]} e2 {[%emt 0:00:01]} 43. Bh5+ {[%emt 0:00:01]}
Kh7 {[%emt 0:00:02]} 44. Bxe2 {[%emt 0:00:05]} Rxe2 {[%emt 0:00:01]} 45. Kg4 {
[%emt 0:00:00]} Rg1+ {[%emt 0:00:02]} 46. Kf5 {[%emt 0:00:01]} Rxb2 {[%emt 0:
00:02]} 47. a3 {[%emt 0:00:02]} Rb3 {[%emt 0:00:01]} 48. Ne8 {[%emt 0:00:01]}
Rxa3 {[%emt 0:00:03]} 49. h4 {[%emt 0:00:00]} Rxd3 {[%emt 0:00:02]} 50. h5 {
[%emt 0:00:01]} Re3 {[%emt 0:00:04]} 51. Nf6+ {[%emt 0:00:02]} Kh8 {[%emt 0:00:
01]} 52. h6 {[%emt 0:00:01]} Rg5+ {[%emt 0:00:01]} 53. Ke6 {[%emt 0:00:01]} Rg6
{[%emt 0:00:01]} 54. Kf7 {[%emt 0:00:01]} Rxh6 {[%emt 0:00:02]} 55. Ne8 {[%emt
0:00:02]} Bh2 {[%emt 0:00:04]} 56. Ke7 {[%emt 0:00:05]} d3 {[%emt 0:00:01]} 57.
Nd6 {[%emt 0:00:01]} d2 {[%emt 0:00:02]} 58. Nf7+ {[%emt 0:00:01]} Kh7 {[%emt
0:00:01]} 59. Ng5+ {[%emt 0:00:01]} Kg6 {[%emt 0:00:01]} 60. Ne6 {[%emt 0:00:
02]} d1=Q {[%emt 0:00:02]} 61. Nf8+ {[%emt 0:00:01]} Kg5 {[%emt 0:00:01]} 62.
Kf7 {[%emt 0:00:03]} Qd5+ {[%emt 0:00:03]} 63. Kg7 {[%emt 0:00:03]} Qb7+ {
[%emt 0:00:04]} 64. Kg8 {[%emt 0:00:01]} Rf3 {[%emt 0:00:07]} 65. Nd7 {[%emt 0:
00:05]} Qc8+ {[%emt 0:00:03]} 66. Kg7 {[%emt 0:00:01]} Qxd7+ {[%emt 0:00:01]}
67. Kg8 {[%emt 0:00:00]} Qh7# {[%emt 0:00:02]} 0-1

[Event "Villarobledo Online Qualifyer"]
[Site "playchess.com #155672"]
[Date "2009.05.23"]
[Round "3"]
[White "Torresh"]
[Black "Qirat"]
[Result "0-1"]
[WhiteElo "2045"]
[BlackElo "2346"]
[PlyCount "138"]
[EventDate "2009.05.23"]
[EventType "swiss (blitz)"]

1. e4 {[%emt 0:00:02]} c5 {[%emt 0:00:01]} 2. Nf3 {[%emt 0:00:02]} d6 {[%emt 0:
00:00]} 3. d4 {[%emt 0:00:02]} cxd4 {[%emt 0:00:00]} 4. Nxd4 {[%emt 0:00:00]}
Nf6 {[%emt 0:00:01]} 5. Nc3 {[%emt 0:00:02]} g6 {[%emt 0:00:00]} 6. Be3 {[%emt
0:00:03]} Bg7 {[%emt 0:00:01]} 7. f3 {[%emt 0:00:02]} O-O {[%emt 0:00:01]} 8.
Bc4 {[%emt 0:00:04]} Nc6 {[%emt 0:00:01]} 9. Qd2 {[%emt 0:00:03]} Bd7 {[%emt 0:
00:01]} 10. O-O-O {[%emt 0:00:02]} Rc8 {[%emt 0:00:00]} 11. Bb3 {[%emt 0:00:03]
} Na5 {[%emt 0:00:00]} 12. h4 {[%emt 0:00:03]} Nc4 {[%emt 0:00:01]} 13. Bxc4 {
[%emt 0:00:02]} Rxc4 {[%emt 0:00:00]} 14. h5 {[%emt 0:00:01]} Nxh5 {[%emt 0:00:
01]} 15. g4 {[%emt 0:00:03]} Nf6 {[%emt 0:00:01]} 16. Nde2 {[%emt 0:00:03]} Qa5
{[%emt 0:00:02]} 17. Bh6 {[%emt 0:00:12]} Bxh6 {[%emt 0:00:06]} 18. Qxh6 {
[%emt 0:00:04]} Rfc8 {[%emt 0:00:01]} 19. Kb1 {[%emt 0:01:15]} Be6 {[%emt 0:00:
08]} 20. Rd3 {[%emt 0:00:27]} b5 {[%emt 0:00:21]} 21. g5 {[%emt 0:00:12]} Nh5 {
[%emt 0:00:02]} 22. Nf4 {[%emt 0:00:01]} Rxc3 {[%emt 0:00:13]} 23. Rxc3 {[%emt
0:00:29]} Qxa2+ {[%emt 0:02:02] '} 24. Kc1 {[%emt 0:00:02]} Qa1+ {[%emt 0:00:
01]} 25. Kd2 {[%emt 0:00:01]} Qxh1 {[%emt 0:00:00]} 26. Nxe6 {[%emt 0:00:02]}
Qh2+ {[%emt 0:00:06]} 27. Kd1 {[%emt 0:00:04]} Qg1+ {[%emt 0:00:05]} 28. Kd2 {
[%emt 0:00:02]} Qf2+ {[%emt 0:00:07]} 29. Kd1 {[%emt 0:00:02]} Ra8 {[%emt 0:00:
17]} 30. Nc7 {[%emt 0:00:12]} Qf1+ {[%emt 0:00:03]} 31. Kd2 {[%emt 0:00:01]}
Qg2+ {[%emt 0:00:00]} 32. Kd1 {[%emt 0:00:01]} Qg1+ {[%emt 0:00:02]} 33. Kd2 {
[%emt 0:00:01]} Qd4+ {[%emt 0:00:00]} 34. Kc1 {[%emt 0:00:15]} Rb8 {[%emt 0:00:
06]} 35. Nd5 {[%emt 0:00:03]} Qe5 {[%emt 0:00:11]} 36. Rc7 {[%emt 0:00:05]} Re8
{[%emt 0:00:04]} 37. Rc3 {[%emt 0:00:05]} a6 {[%emt 0:00:02]} 38. Rd3 {[%emt 0:
00:00]} Qg7 {[%emt 0:00:01]} 39. Qxg7+ {[%emt 0:00:02]} Kxg7 {[%emt 0:00:00]}
40. Nc7 {[%emt 0:00:01]} Rc8 {[%emt 0:00:01]} 41. Nxa6 {[%emt 0:00:01]} Ra8 {
[%emt 0:00:02]} 42. Nb4 {[%emt 0:00:01]} Ra1+ {[%emt 0:00:00]} 43. Kd2 {[%emt
0:00:01]} Nf4 {[%emt 0:00:00]} 44. Rb3 {[%emt 0:00:01]} Rg1 {[%emt 0:00:05]}
45. Nc6 {[%emt 0:00:01]} Rxg5 {[%emt 0:00:02]} 46. Nxe7 {[%emt 0:00:01]} h5 {
[%emt 0:00:01]} 47. Nd5 {[%emt 0:00:03]} Nxd5 {[%emt 0:00:02]} 48. exd5 {[%emt
0:00:05]} Rxd5+ {[%emt 0:00:00]} 49. Ke3 {[%emt 0:00:00]} h4 {[%emt 0:00:01]}
50. Kf4 {[%emt 0:00:04]} g5+ {[%emt 0:00:03]} 51. Kg4 {[%emt 0:00:01]} Kg6 {
[%emt 0:00:00]} 52. Re3 {[%emt 0:00:06]} f5+ {[%emt 0:00:02]} 53. Kh3 {[%emt 0:
00:01]} Re5 {[%emt 0:00:03]} 54. Rd3 {[%emt 0:00:01]} d5 {[%emt 0:00:07]} 55.
f4 {[%emt 0:00:03]} gxf4 {[%emt 0:00:04]} 56. Kxh4 {[%emt 0:00:00]} Re1 {[%emt
0:00:03]} 57. Kh3 {[%emt 0:00:03]} Re3+ {[%emt 0:00:01]} 58. Kg2 {[%emt 0:00:
03]} Rxd3 {[%emt 0:00:01]} 59. cxd3 {[%emt 0:00:01]} Kg5 {[%emt 0:00:01]} 60.
Kf3 {[%emt 0:00:01]} b4 {[%emt 0:00:02]} 61. d4 {[%emt 0:00:06]} b3 {[%emt 0:
00:01]} 62. Kf2 {[%emt 0:00:01]} Kg4 {[%emt 0:00:00]} 63. Kg2 {[%emt 0:00:00]}
f3+ {[%emt 0:00:00]} 64. Kf2 {[%emt 0:00:00]} Kf4 {[%emt 0:00:00]} 65. Kf1 {
[%emt 0:00:00]} Ke3 {[%emt 0:00:00]} 66. Ke1 {[%emt 0:00:00]} f2+ {[%emt 0:00:
01]} 67. Kf1 {[%emt 0:00:00]} f4 {[%emt 0:00:00]} 68. Kg2 {[%emt 0:00:02]} Ke2
{[%emt 0:00:00]} 69. Kh3 {[%emt 0:00:00]} f1=Q+ {[%emt 0:00:01] Torresh rinde}
0-1

[Event "Villarobledo Online Qualifyer"]
[Site "playchess.com #155672"]
[Date "2009.05.23"]
[Round "3"]
[White "Africanchamp"]
[Black "Secondwind"]
[Result "1-0"]
[WhiteElo "2881"]
[BlackElo "2332"]
[PlyCount "183"]
[EventDate "2009.05.23"]
[EventType "swiss (blitz)"]

1. e4 {[%emt 0:00:03]} c5 {[%emt 0:00:01]} 2. Nf3 {[%emt 0:00:02]} g6 {[%emt 0:
00:00]} 3. Nc3 {[%emt 0:00:03]} Nc6 {[%emt 0:00:01]} 4. d4 {[%emt 0:00:01]}
cxd4 {[%emt 0:00:00]} 5. Nxd4 {[%emt 0:00:01]} Bg7 {[%emt 0:00:01]} 6. Nde2 {
[%emt 0:00:01]} Nf6 {[%emt 0:00:04]} 7. a4 {[%emt 0:00:01]} O-O {[%emt 0:00:04]
} 8. g3 {[%emt 0:00:03]} d6 {[%emt 0:00:12]} 9. Bg2 {[%emt 0:00:02]} Bd7 {
[%emt 0:00:02]} 10. O-O {[%emt 0:00:03]} Rc8 {[%emt 0:00:05]} 11. h3 {[%emt 0:
00:02]} Nb4 {[%emt 0:00:07]} 12. Be3 {[%emt 0:00:06]} a6 {[%emt 0:00:06]} 13.
Kh2 {[%emt 0:00:01]} Bc6 {[%emt 0:00:02]} 14. Nd4 {[%emt 0:00:02]} Bd7 {[%emt
0:00:05]} 15. Ra3 {[%emt 0:00:08]} Nc6 {[%emt 0:00:03]} 16. Re1 {[%emt 0:00:08]
} Nxd4 {[%emt 0:00:05]} 17. Bxd4 {[%emt 0:00:01]} Bc6 {[%emt 0:00:00]} 18. Nd5
{[%emt 0:00:04]} Nxd5 {[%emt 0:00:12]} 19. exd5 {[%emt 0:00:02]} Bd7 {[%emt 0:
00:02]} 20. Bxg7 {[%emt 0:00:04]} Kxg7 {[%emt 0:00:00]} 21. Rae3 {[%emt 0:00:
02]} Re8 {[%emt 0:00:02]} 22. b3 {[%emt 0:00:04]} h5 {[%emt 0:00:08]} 23. h4 {
[%emt 0:00:03]} Bg4 {[%emt 0:00:02]} 24. Qd4+ {[%emt 0:00:02]} Kg8 {[%emt 0:00:
03]} 25. c4 {[%emt 0:00:01]} Qd7 {[%emt 0:00:10]} 26. Bf1 {[%emt 0:00:14]} e5 {
[%emt 0:00:06]} 27. dxe6 {[%emt 0:00:03]} Rxe6 {[%emt 0:00:01]} 28. Rxe6 {
[%emt 0:00:07]} Bxe6 {[%emt 0:00:00]} 29. Rd1 {[%emt 0:00:03]} Rd8 {[%emt 0:00:
03]} 30. Qf6 {[%emt 0:00:02]} Rc8 {[%emt 0:00:07]} 31. Qf4 {[%emt 0:00:07]} Rd8
{[%emt 0:00:11]} 32. Bg2 {[%emt 0:00:01]} Qe7 {[%emt 0:00:02]} 33. Re1 {[%emt
0:00:04]} Kg7 {[%emt 0:00:06]} 34. a5 {[%emt 0:00:06]} Rd7 {[%emt 0:00:03]} 35.
Rd1 {[%emt 0:00:08]} Qf6 {[%emt 0:00:05]} 36. Qe3 {[%emt 0:00:01]} Bg4 {[%emt
0:00:12]} 37. Rd4 {[%emt 0:00:08]} Re7 {[%emt 0:00:04]} 38. Qf4 {[%emt 0:00:03]
} Qxf4 {[%emt 0:00:03]} 39. Rxf4 {[%emt 0:00:01]} Bc8 {[%emt 0:00:30]} 40. Bd5
{[%emt 0:00:07]} f5 {[%emt 0:00:06]} 41. Rd4 {[%emt 0:00:03]} Kf6 {[%emt 0:00:
03]} 42. Bf3 {[%emt 0:00:03]} Re6 {[%emt 0:00:14]} 43. b4 {[%emt 0:00:02]} Ke7
{[%emt 0:00:02]} 44. b5 {[%emt 0:00:05]} Re5 {[%emt 0:00:08]} 45. Rd5 {[%emt 0:
00:18]} Re1 {[%emt 0:00:01]} 46. c5 {[%emt 0:00:07]} axb5 {[%emt 0:00:10]} 47.
cxd6+ {[%emt 0:00:01]} Ke6 {[%emt 0:00:04]} 48. Rc5 {[%emt 0:00:07]} Bd7 {
[%emt 0:00:08]} 49. Bxb7 {[%emt 0:00:05]} Kxd6 {[%emt 0:00:02]} 50. Rd5+ {
[%emt 0:00:02]} Kc7 {[%emt 0:00:01]} 51. a6 {[%emt 0:00:01]} Ra1 {[%emt 0:00:
01]} 52. Rc5+ {[%emt 0:00:07]} Kb6 {[%emt 0:00:04]} 53. Rd5 {[%emt 0:00:02]}
Kc7 {[%emt 0:00:01]} 54. Rc5+ {[%emt 0:00:03]} Kb6 {[%emt 0:00:01]} 55. Re5 {
[%emt 0:00:02]} Kc7 {[%emt 0:00:04]} 56. Re7 {[%emt 0:00:06]} b4 {[%emt 0:00:
01]} 57. Re3 {[%emt 0:00:07]} Kb6 {[%emt 0:00:05]} 58. Rd3 {[%emt 0:00:04]} Bb5
{[%emt 0:00:01]} 59. Rd6+ {[%emt 0:00:06]} Kc5 {[%emt 0:00:01]} 60. Rd5+ {
[%emt 0:00:03]} Kb6 {[%emt 0:00:01]} 61. Rd2 {[%emt 0:00:18]} b3 {[%emt 0:00:
02]} 62. Bd5 {[%emt 0:00:02]} Rxa6 {[%emt 0:00:03]} 63. Bxb3 {[%emt 0:00:01]}
Kc5 {[%emt 0:00:01]} 64. Bf7 {[%emt 0:00:05]} Rf6 {[%emt 0:00:02]} 65. Bb3 {
[%emt 0:00:07]} Bc6 {[%emt 0:00:01]} 66. Bd1 {[%emt 0:00:08]} Re6 {[%emt 0:00:
05]} 67. Be2 {[%emt 0:00:02]} Rf6 {[%emt 0:00:02]} 68. f3 {[%emt 0:00:03]} f4 {
[%emt 0:00:01]} 69. g4 {[%emt 0:00:03]} hxg4 {[%emt 0:00:01]} 70. fxg4 {[%emt
0:00:01]} f3 {[%emt 0:00:01]} 71. Bf1 {[%emt 0:00:01]} Rd6 {[%emt 0:00:06]} 72.
Rc2+ {[%emt 0:00:03]} Kd5 {[%emt 0:00:02]} 73. Kg3 {[%emt 0:00:01]} Ke6 {[%emt
0:00:02]} 74. Rc5 {[%emt 0:00:03]} Kf6 {[%emt 0:00:02]} 75. Bc4 {[%emt 0:00:04]
} Kg7 {[%emt 0:00:02]} 76. g5 {[%emt 0:00:09]} Kf8 {[%emt 0:00:01]} 77. Bb3 {
[%emt 0:00:02]} Ke7 {[%emt 0:00:01]} 78. Bc2 {[%emt 0:00:01]} Kd7 {[%emt 0:00:
01]} 79. Re5 {[%emt 0:00:04]} Rd2 {[%emt 0:00:02]} 80. Be4 {[%emt 0:00:05]}
Bxe4 {[%emt 0:00:02]} 81. Rxe4 {[%emt 0:00:01]} f2 {[%emt 0:00:02]} 82. Rf4 {
[%emt 0:00:02]} Ke7 {[%emt 0:00:01]} 83. Rxf2 {[%emt 0:00:05]} Rxf2 {[%emt 0:
00:07]} 84. Kxf2 {[%emt 0:00:01]} Ke6 {[%emt 0:00:00]} 85. Ke3 {[%emt 0:00:04]}
Ke5 {[%emt 0:00:01]} 86. Kf3 {[%emt 0:00:01]} Kf5 {[%emt 0:00:01]} 87. Kg3 {
[%emt 0:00:00]} Ke4 {[%emt 0:00:01]} 88. Kg4 {[%emt 0:00:00]} Ke5 {[%emt 0:00:
01]} 89. h5 {[%emt 0:00:01]} gxh5+ {[%emt 0:00:06]} 90. Kxh5 {[%emt 0:00:01]}
Ke6 {[%emt 0:00:00]} 91. Kh6 {[%emt 0:00:01]} Kf7 {[%emt 0:00:00]} 92. Kh7 {
[%emt 0:00:01] Secondwind gibt auf} 1-0

[Event "Villarobledo Online Qualifyer"]
[Site "playchess.com #155672"]
[Date "2009.05.23"]
[Round "4"]
[White "DHCA"]
[Black "GMsKoRPioN"]
[Result "0-1"]
[WhiteElo "1532"]
[BlackElo "2570"]
[PlyCount "34"]
[EventDate "2009.05.23"]
[EventType "swiss (blitz)"]

1. e4 {[%emt 0:00:01]} d6 {[%emt 0:00:01]} 2. d4 {[%emt 0:00:02]} g6 {[%emt 0:
00:01]} 3. Nc3 {[%emt 0:00:01]} Bg7 {[%emt 0:00:00]} 4. Be3 {[%emt 0:00:01]} a6
{[%emt 0:00:01]} 5. f3 {[%emt 0:00:01]} Nd7 {[%emt 0:00:02]} 6. Qd2 {[%emt 0:
00:01]} b5 {[%emt 0:00:01]} 7. Bd3 {[%emt 0:00:04]} Bb7 {[%emt 0:00:01]} 8.
Nge2 {[%emt 0:00:01]} Rc8 {[%emt 0:00:01]} 9. O-O {[%emt 0:00:02]} c5 {[%emt 0:
00:01]} 10. dxc5 {[%emt 0:00:03]} Nxc5 {[%emt 0:00:00]} 11. Bd4 {[%emt 0:00:05]
} Nf6 {[%emt 0:00:02]} 12. Bxc5 {[%emt 0:00:03]} Rxc5 {[%emt 0:00:08]} 13. Ng3
{[%emt 0:00:01]} O-O {[%emt 0:00:02]} 14. Be2 {[%emt 0:00:01]} Qb6 {[%emt 0:00:
02]} 15. Kh1 {[%emt 0:00:02]} Qc7 {[%emt 0:00:03]} 16. a3 {[%emt 0:00:04]} h5 {
[%emt 0:00:06]} 17. Rad1 {[%emt 0:00:09]} h4 {[%emt 0:00:04] DHCA rinde} 0-1

[Event "Villarobledo Online Qualifyer"]
[Site "playchess.com #155672"]
[Date "2009.05.23"]
[Round "4"]
[White "Secondwind"]
[Black "Chesshero045"]
[Result "1-0"]
[WhiteElo "2330"]
[BlackElo "1968"]
[PlyCount "40"]
[EventDate "2009.05.23"]
[EventType "swiss (blitz)"]

1. c4 {[%emt 0:00:02]} Nf6 {[%emt 0:00:02]} 2. Nc3 {[%emt 0:00:01]} g6 {[%emt
0:00:01]} 3. g3 {[%emt 0:00:01]} Bg7 {[%emt 0:00:01]} 4. Bg2 {[%emt 0:00:01]}
d6 {[%emt 0:00:00]} 5. Nf3 {[%emt 0:00:00]} O-O {[%emt 0:00:00]} 6. O-O {[%emt
0:00:00]} e5 {[%emt 0:00:01]} 7. d3 {[%emt 0:00:01]} c5 {[%emt 0:00:03]} 8. a3
{[%emt 0:00:02]} Nc6 {[%emt 0:00:00]} 9. Rb1 {[%emt 0:00:01]} a5 {[%emt 0:00:
02]} 10. Ne1 {[%emt 0:00:05]} Be6 {[%emt 0:00:14]} 11. Bg5 {[%emt 0:00:03]} Qd7
{[%emt 0:00:02]} 12. Bxf6 {[%emt 0:00:02]} Bxf6 {[%emt 0:00:04]} 13. Nd5 {
[%emt 0:00:01]} Bxd5 {[%emt 0:00:02]} 14. Bxd5 {[%emt 0:00:01]} Ne7 {[%emt 0:
00:06]} 15. Bg2 {[%emt 0:00:02]} Rab8 {[%emt 0:00:01]} 16. b4 {[%emt 0:00:02]}
axb4 {[%emt 0:00:03]} 17. axb4 {[%emt 0:00:00]} cxb4 {[%emt 0:00:12]} 18. Rxb4
{[%emt 0:00:02]} b5 {[%emt 0:00:01]} 19. Qb1 {[%emt 0:00:07]} Nc6 {[%emt 0:00:
11]} 20. Rxb5 {[%emt 0:00:01]} Rxb5 {[%emt 0:00:06] Chesshero045 gibt auf} 1-0

[Event "Villarobledo Online Qualifyer"]
[Site "playchess.com #155672"]
[Date "2009.05.23"]
[Round "4"]
[White "Master--Sim"]
[Black "Master of poker"]
[Result "0-1"]
[WhiteElo "2037"]
[BlackElo "2467"]
[PlyCount "52"]
[EventDate "2009.05.23"]
[EventType "swiss (blitz)"]

1. d4 {[%emt 0:00:02]} Nf6 {[%emt 0:00:01]} 2. Nf3 {[%emt 0:00:01]} c5 {[%emt
0:00:01]} 3. c3 {[%emt 0:00:01]} d5 {[%emt 0:00:01]} 4. e3 {[%emt 0:00:02]} Nc6
{[%emt 0:00:01]} 5. Nbd2 {[%emt 0:00:03]} Bf5 {[%emt 0:00:01]} 6. Be2 {[%emt 0:
00:01]} e6 {[%emt 0:00:01]} 7. O-O {[%emt 0:00:01]} Bd6 {[%emt 0:00:00]} 8. h3
{[%emt 0:00:01]} O-O {[%emt 0:00:01]} 9. a3 {[%emt 0:00:01]} Rc8 {[%emt 0:00:
12]} 10. dxc5 {[%emt 0:00:02]} Bxc5 {[%emt 0:00:01]} 11. b4 {[%emt 0:00:00]}
Be7 {[%emt 0:00:02]} 12. c4 {[%emt 0:00:01]} dxc4 {[%emt 0:00:07]} 13. Nxc4 {
[%emt 0:00:00]} Qc7 {[%emt 0:00:08]} 14. Bb2 {[%emt 0:00:03]} Rfd8 {[%emt 0:00:
02]} 15. Qb3 {[%emt 0:00:05]} Ne4 {[%emt 0:00:15]} 16. Rac1 {[%emt 0:00:03]}
Qb8 {[%emt 0:00:02]} 17. Qa2 {[%emt 0:00:01]} Rd5 {[%emt 0:00:19]} 18. Qa1 {
[%emt 0:00:02]} Bf8 {[%emt 0:00:04]} 19. Rfd1 {[%emt 0:00:03]} Rcd8 {[%emt 0:
00:04]} 20. Ncd2 {[%emt 0:00:05]} Nxd2 {[%emt 0:00:06]} 21. Bxg7 {[%emt 0:00:
02]} Bxg7 {[%emt 0:00:04]} 22. Qxg7+ {[%emt 0:00:01]} Kxg7 {[%emt 0:00:02]} 23.
Ba6 {[%emt 0:00:01]} Nxf3+ {[%emt 0:00:02]} 24. Kh1 {[%emt 0:00:02]} Rxd1+ {
[%emt 0:00:01]} 25. Rxd1 {[%emt 0:00:01]} Rxd1+ {[%emt 0:00:02] Master--Sim
bietet Remis} 26. Bf1 {[%emt 0:00:05]} Qh2# {[%emt 0:00:20]} 0-1

[Event "Villarobledo Online Qualifyer"]
[Site "playchess.com #155672"]
[Date "2009.05.23"]
[Round "4"]
[White "Elo 84"]
[Black "Promotionfou"]
[Result "0-1"]
[WhiteElo "1673"]
[BlackElo "2094"]
[PlyCount "92"]
[EventDate "2009.05.23"]
[EventType "swiss (blitz)"]

1. e4 {[%emt 0:00:01]} Nf6 {[%emt 0:00:01]} 2. d3 {[%emt 0:00:02]} d5 {[%emt 0:
00:01]} 3. exd5 {[%emt 0:00:01]} Nxd5 {[%emt 0:00:01]} 4. Nf3 {[%emt 0:00:01]}
Nc6 {[%emt 0:00:01]} 5. Be2 {[%emt 0:00:01]} Bg4 {[%emt 0:00:01]} 6. O-O {
[%emt 0:00:01]} e6 {[%emt 0:00:01]} 7. h3 {[%emt 0:00:01]} Bxf3 {[%emt 0:00:01]
} 8. Bxf3 {[%emt 0:00:01]} Be7 {[%emt 0:00:01]} 9. Nc3 {[%emt 0:00:01]} O-O {
[%emt 0:00:01]} 10. Nxd5 {[%emt 0:00:01]} exd5 {[%emt 0:00:01]} 11. Bf4 {[%emt
0:00:02]} Bd6 {[%emt 0:00:01]} 12. Bxd6 {[%emt 0:00:05]} Qxd6 {[%emt 0:00:01]}
13. Re1 {[%emt 0:00:01]} Ne5 {[%emt 0:00:01]} 14. d4 {[%emt 0:00:06]} Nxf3+ {
[%emt 0:00:01]} 15. Qxf3 {[%emt 0:00:01]} c6 {[%emt 0:00:00]} 16. c3 {[%emt 0:
00:01]} Rae8 {[%emt 0:00:01]} 17. Kf1 {[%emt 0:00:06]} Qd7 {[%emt 0:00:01]} 18.
Rxe8 {[%emt 0:00:02]} Rxe8 {[%emt 0:00:01]} 19. Re1 {[%emt 0:00:01]} Rxe1+ {
[%emt 0:00:00]} 20. Kxe1 {[%emt 0:00:01]} Qe6+ {[%emt 0:00:00]} 21. Qe2 {[%emt
0:00:01]} Qd7 {[%emt 0:00:03]} 22. Kd2 {[%emt 0:00:01]} Kf8 {[%emt 0:00:01]}
23. Kd3 {[%emt 0:00:02]} Qf5+ {[%emt 0:00:02]} 24. Kd2 {[%emt 0:00:04]} Qg5+ {
[%emt 0:00:04]} 25. Kc2 {[%emt 0:00:23]} Qxg2 {[%emt 0:00:08]} 26. Qe5 {[%emt
0:00:09]} Qe4+ {[%emt 0:00:06]} 27. Qxe4 {[%emt 0:00:05]} dxe4 {[%emt 0:00:00]}
28. Kd2 {[%emt 0:00:00]} Ke7 {[%emt 0:00:01]} 29. Ke3 {[%emt 0:00:01]} f5 {
[%emt 0:00:01]} 30. Kf4 {[%emt 0:00:01]} Kf6 {[%emt 0:00:01]} 31. c4 {[%emt 0:
00:03]} g5+ {[%emt 0:00:01]} 32. Ke3 {[%emt 0:00:02]} h5 {[%emt 0:00:01]} 33.
b4 {[%emt 0:00:07]} Ke6 {[%emt 0:00:02]} 34. a4 {[%emt 0:00:04]} Kd6 {[%emt 0:
00:03]} 35. f3 {[%emt 0:00:04]} exf3 {[%emt 0:00:02]} 36. Kxf3 {[%emt 0:00:01]}
g4+ {[%emt 0:00:00]} 37. hxg4 {[%emt 0:00:01]} fxg4+ {[%emt 0:00:00]} 38. Kg3 {
[%emt 0:00:01]} Ke6 {[%emt 0:00:01]} 39. Kh4 {[%emt 0:00:03]} Kf5 {[%emt 0:00:
01]} 40. Kg3 {[%emt 0:00:01]} Ke4 {[%emt 0:00:01]} 41. d5 {[%emt 0:00:16]} cxd5
{[%emt 0:00:02]} 42. c5 {[%emt 0:00:00]} d4 {[%emt 0:00:01]} 43. b5 {[%emt 0:
00:01]} Kd5 {[%emt 0:00:02]} 44. a5 {[%emt 0:00:02]} Kxc5 {[%emt 0:00:01]} 45.
b6 {[%emt 0:00:00]} axb6 {[%emt 0:00:01]} 46. axb6 {[%emt 0:00:00]} Kxb6 {
[%emt 0:00:01] Elo 84 abandonne} 0-1

[Event "Villarobledo Online Qualifyer"]
[Site "playchess.com #155672"]
[Date "2009.05.23"]
[Round "4"]
[White "Byrdmanjr"]
[Black "Artur95"]
[Result "0-1"]
[WhiteElo "1965"]
[BlackElo "2333"]
[PlyCount "48"]
[EventDate "2009.05.23"]
[EventType "swiss (blitz)"]

1. d4 {[%emt 0:00:05]} d6 {[%emt 0:00:02]} 2. Nf3 {[%emt 0:00:01]} g6 {[%emt 0:
00:06]} 3. Nc3 {[%emt 0:00:02]} Bg7 {[%emt 0:00:00]} 4. e4 {[%emt 0:00:01]} Nf6
{[%emt 0:00:02]} 5. Be3 {[%emt 0:00:01]} O-O {[%emt 0:00:01]} 6. Qd2 {[%emt 0:
00:01]} Ng4 {[%emt 0:00:01]} 7. Bg5 {[%emt 0:00:02]} Nd7 {[%emt 0:00:06]} 8. h3
{[%emt 0:00:05]} Ngf6 {[%emt 0:00:01]} 9. Bd3 {[%emt 0:00:11]} c5 {[%emt 0:00:
07]} 10. d5 {[%emt 0:00:04]} Rb8 {[%emt 0:00:02]} 11. Bh6 {[%emt 0:00:01]} b5 {
[%emt 0:00:11]} 12. Ne2 {[%emt 0:00:10]} c4 {[%emt 0:00:02]} 13. Bxg7 {[%emt 0:
00:02]} Kxg7 {[%emt 0:00:01]} 14. h4 {[%emt 0:00:10]} cxd3 {[%emt 0:00:01]} 15.
cxd3 {[%emt 0:00:01]} h5 {[%emt 0:00:01]} 16. Ng3 {[%emt 0:00:05]} Nc5 {[%emt
0:00:08]} 17. O-O {[%emt 0:00:03]} Bg4 {[%emt 0:00:04]} 18. Nh2 {[%emt 0:00:06]
} Qb6 {[%emt 0:00:04]} 19. Kh1 {[%emt 0:00:02]} a5 {[%emt 0:00:12]} 20. d4 {
[%emt 0:00:01]} Ncxe4 {[%emt 0:00:08]} 21. Nxe4 {[%emt 0:00:02]} Nxe4 {[%emt 0:
00:00]} 22. Qe3 {[%emt 0:00:03]} Nf6 {[%emt 0:00:05]} 23. f3 {[%emt 0:00:08]}
Bd7 {[%emt 0:00:07]} 24. Qxe7 {[%emt 0:00:02]} Rfe8 {[%emt 0:00:04] Byrdmanjr
resigns  (Lag: Av=0.57s, max=0.9s)} 0-1